Statistics for Losing Vice Presidential candidates in U.S. Elections since 1948

Click here to take the quiz!

General Stats

  • This quiz has been taken 615 times
    (547 since last reset)
  • The average score is 10 of 18

Answer Stats

YearPartyCANDIDATE% Correct
2008Rep.Sarah Palin
92%
2016Dem.Tim Kaine
88%
2012Rep.Paul Ryan
84%
1992Rep.Dan Quayle
80%
1980Dem.Walter Mondale
80%
2000Dem.Joe Lieberman
76%
2004Dem.John Edwards
74%
1984Dem.Geraldine Ferraro
63%
1996Rep.Jack Kemp
57%
1976Rep.Bob Dole
56%
1988Dem.Lloyd Bentsen
49%
1972Dem.Sargent Shriver
40%
1960Rep.Henry Lodge
39%
1968Dem.Edmund Muskie
38%
1948Rep.Earl Warren
27%
1956Dem.Estes Kefauver
27%
1964Rep.William Miller
27%
1952Dem.John Sparkman
17%

Score Distribution

Percentile by Number Answered

Percent of People with Each Score

Your Score History

You have not taken this quiz since the last reset